000
00316nam a2200121Ia 4500
008
220204s9999 xx 000 0 und d
082
_a
632.52
_b
KLI
100
_a
KLINGMAN, Glenn C
245
0
_a
Weed science: Principles and practices
260
_a
New York
_b
John Wiley
_c
1975
650
_a
Weed science
942
_c
BK
999
_c
23351
_d
23351